000 01196nam a22003137a 4500
005 20191224042210.0
008 170415b2001 ck ||||fr||||a00| 0 spa d
020 _a9586940330
040 _aCO-BoIAVH
_cCO-BoIAVH
041 _aspa
044 _ack
082 0 4 _a577.4808619
_bR59a
245 0 0 _aAgroecología y biodiversidad de las sabanas en los Llanos Orientales de Colombia/
_ceditado por Georges Rippstein, Germán Escobar y Francisco Motta.
260 _aCali:
_bIdeam,
_bUniversidad de los Andes, Departamento de Ciencias Biológicas,
_c2001.
300 _a302 p.
_c28 cm.
500 _aSe permite su reproducción citando la fuente.
650 4 _aSabanas naturales
_zLlanos Oriientales
_zColombia
_933782
650 4 _aEcología de sabanas
_zOrinoquía (Región)
_zColombia
_933783
650 4 _aComunidades vegetales
_933784
650 4 _aEcología de ecosistemas
_93654
650 4 _aQuema controlada
_933785
650 4 _aFauna del suelo
_916109
650 4 _aManejo de praderas
_933786
651 _aColombia
_zLlanos Orientales
_933787
662 _aColombia
700 1 _aRippsein, Georges
_eeditor
_933788
700 1 _aEscobar, Germán
_eeditor
_933789
942 _cLIBRO
_2ddc
999 _c17441
_d17441